| 000 | 01201cam a2200241 4500 | ||
|---|---|---|---|
| 001 | WB@3612-477 | ||
| 008 | 040729n2004 000 0 eng u | ||
| 035 | _a(Sirsi) u126971 | ||
| 245 | _aRental market recovery? | ||
| 260 | _c2004 | ||
| 490 |
_aFPD Savills Research _vAugust 2004 (2) |
||
| 520 | _aThe latest statistics from FPDSavills show that there is clear evidence that a recovery in the rental market is at last underway and that rents are slowly creeping up again. Factors centre around the first time buyer. They are holding off jumping onto the property ladder due to rising interest rates and uncertainty about the future for house prices. This means that many are choosing to stay in rented accommodation - which is not a bad short-term option. In central London, for example, it can be up to 30% cheaper to rent than buy, with a potential saving of up to £5 000 per annum. http://www.fpdsavills.co.uk/research.asp | ||
| 590 | _aWB | ||
| 590 | _aWB | ||
| 650 | _aBUY-TO-LET | ||
| 650 | _aRENTAL MARKET | ||
| 650 | _aHOUSE BUYING | ||
| 650 | _aRENTED HOUSING | ||
| 650 | _aPROPERTY FINANCE | ||
| 650 | 0 | 0 | _aFIRST-TIME BUYERS |
| 690 | _aHOUSING-INVESTMENT | ||
| 942 | _n0 | ||
| 999 |
_c117792 _d117792 |
||